000
00315nam a2200109Ia 4500
008
160531s9999 xx 000 0 und d
100
_a
Claborn, David.
245
_a
Topics in Public Health
245
_c
Edited by David Claborn
260
_c
2015
856
_u
http://www.intechopen.com/books/topics-in-public-health
999
_c
295313
_d
295313